More grammar games : (Record no. 15391)

000 -LEADER
fixed length control field 00753cam a2200217 a 4500
020 ## - INTERNATIONAL STANDARD BOOK NUMBER
ISBN 052146630X
040 ## - CATALOGING SOURCE
Transcribing agency DLC
082 00 - DEWEY DECIMAL CLASSIFICATION NUMBER
Classification number 428 CAM 1995 A024 Or.
100 1# - MAIN ENTRY--AUTHOR NAME
Personal name Rinvolucri, Mario.
245 10 - TITLE STATEMENT
Title More grammar games :
Remainder of title cognitive, affective, and movement activities for EFL students /
260 ## - PUBLICATION, DISTRIBUTION, ETC. (IMPRINT)
Place of publication Cambridge [England] ;
-- New York, NY :
Name of publisher Cambridge University Press,
Year of publication 1995.
300 ## - PHYSICAL DESCRIPTION
Number of Pages xvi, 176 p. :
Other physical details ill. ;
Dimensions 25 cm.
650 #0 - SUBJECT ADDED ENTRY--TOPICAL TERM
Topical Term English language
650 #0 - SUBJECT ADDED ENTRY--TOPICAL TERM
Topical Term English language
650 #0 - SUBJECT ADDED ENTRY--TOPICAL TERM
Topical Term Activity programs in education.
650 #0 - SUBJECT ADDED ENTRY--TOPICAL TERM
Topical Term Educational games.
700 1# - ADDED ENTRY--PERSONAL NAME
Personal name Davis, Paul,
856 42 - ELECTRONIC LOCATION AND ACCESS
Uniform Resource Identifier http://www.loc.gov/catdir/description/cam026/95008448.html
856 41 - ELECTRONIC LOCATION AND ACCESS
Uniform Resource Identifier http://www.loc.gov/catdir/toc/cam025/95008448.html
942 ## - ADDED ENTRY ELEMENTS (KOHA)
Koha item type សៀវភៅភាសាអង់គ្លេស
952 ## - LOCATION AND ITEM INFORMATION (KOHA)
Withdrawn status [LOCAL, KOHA] 0
Holdings
Permanent Location Date acquired Koha item type Lost status Shelving location Barcode Current Location Full call number
Library Block A2017-11-20សៀវភៅភាសាអង់គ្លេស A024A06468Library Block A428 CAM 1995 A024 Or.
មជ្ឈមណ្ឌលឯការនៃសាកលវិទ្យាល័យភូមិន្ទកសិកម្មចំការដូង

Powered by Koha